000 00935cam a22002657a 4500
003 CHAP
005 20220329135220.0
008 971013s r 00010 d
010 _a32740
011 _a33712
035 _a37828
040 _cCHAP
090 _aR-2200
100 0 0 _aElgersma, D. M.
_936272
245 0 _aOcurrence of falcarinol and falcarindion in tomato plants after infection with Verticullium alboatrum and characterization of four phytoalexind by capillary gas chromatography-mass spectrometry
500 _aSobretiro de : Phytophat. Z. 109:237-240, 1984
590 _aBATCH-UPD
_b10
_c20130110
_lUCH01
_h0045
590 _aBATCH-UPD
_b10
_c20130110
_lUCH01
_h1952
590 _aCONVERSION
_b10
_c20130109
_lUCH01
_h1318
650 1 4 _aTomate
_xEnfermedades por hongos.
_9113713
650 1 4 _aVerticillium alboatrum.
_9118968
901 _aBK
942 _cREIMP
949 _aR-2200
_bBC
_cR
_d-86639
_eTS1
_i37828
_si
999 _c32740
_d32740